000 00645nam a2200181Ia 4500
008 090124s9999 xx 000 0 und d
082 _b120672
100 _aटाकळकर गोपाळ
245 _a" अध:पात, माया ( दोन कादं. एकत्र)"
250 _a1
260 _c1984
300 _a236
600 _aटाकळकर गोपाळ
630 _a" अध:पात, माया ( दोन कादं. एकत्र)"
700 _aटाकळकर गोपाळ
730 _a" अध:पात, माया ( दोन कादं. एकत्र)"
942 _cBOOK
999 _c166758
_d166758